Movies Quiz

Random Movies or Quote Quiz

Disney Quotes I Quiz Stats

 Plays Quiz not verified by Sporcle

Also try: Disney Quotes II
Challenge
Share
Tweet
Score 0/12 Timer 03:00
3 Plays Today
% Correct
Sebastian
88.6%
You gotta put your behind in the past.
88.3%
And if it's not Baroque, don't fix it!
83.1%
Make it pink.
79.1%
Aladdin
74.8%
Robin Hood
72.2%
Tarzan
71.6%
I wear a 66 long and a 31 waist.
69%
Pachyderms don't cry.
63.6%
It was then I received the Victoria Cross, for bravery above and beyond the call of duty. Those were the days. Discipline! Discipline was the thing!
60.7%
The Rescuers Down Under
58.6%
Oliver & Company
58.4%

You're not logged in!

Compare scores with friends on all Sporcle quizzes.
OR
Log In

You Might Also Like...

Show Comments

Extras

Top Quizzes Today


Score Distribution

Your Account Isn't Verified!

In order to create a playlist on Sporcle, you need to verify the email address you used during registration. Go to your Sporcle Settings to finish the process.

Report this User

Report this user for behavior that violates our Community Guidelines.

Details: